[Event "WJun"]
[Site "Nakhchivan AZE"]
[Date "2003.07.03"]
[Round "13"]
[White "Pacheco,M"]
[Black "Wang,H"]
[Result "0-1"]
[WhiteElo "2349"]
[BlackElo "2226"]
[EventDate "2003.06.22"]

1. d4 Nf6 2. Nf3 e6 3. c4 c5 4. d5 exd5 5. cxd5 d6 6. Nc3 g6 7. Nd2 Nbd7 8.
e4 a6 9. a4 Bg7 10. Be2 O-O 11. O-O Re8 12. Qc2 Qc7 13. Nc4 Nb6 14. Ne3 Bd7
15. Kh1 Re7 16. a5 Nc8 17. Nc4 b5 18. axb6 Nxb6 19. e5 Ne8 20. Bg5 Bf5 21.
Qc1 f6 22. exd6 Nxd6 23. Bf4 Nbxc4 24. Bxc4 Ree8 25. Rxa6 Rxa6 26. Bxa6 Qb6
27. Bxd6 Qxd6 28. Bb5 Rb8 29. Re1 h5 30. Qe3 h4 31. h3 Kh7 32. Bc6 Rxb2 33.
Nb5 Rxb5 34. Bxb5 Qxd5 35. Qf4 g5 36. Qc4 Qd2 37. Qe2 Qxe2 38. Rxe2 Bf8 39.
Rd2 Be6 40. Rd8 Kg7 41. Rb8 Kf7 42. Rb7+ Be7 43. Kg1 Bd5 44. Ra7 Ke6 45.
Bd7+ Ke5 46. Bb5 Bd6 47. Ra4 Bb3 48. Ra6 c4 49. Rc6 Kd5 50. Kf1 Be5 51. Ke2
Kd4 52. Rc8 Kc3 53. f3 Kb4 54. Ba6 Bf4 55. Rc6 Be5 56. Ke3 Kc3 57. Ke4 Kb4
58. Rc8 c3 59. Bd3 Ka3 60. Kf5 Kb2 0-1

[Event "WJun"]
[Site "Nakhchivan AZE"]
[Date "2003.07.03"]
[Round "13"]
[White "Monroy,C"]
[Black "Arun Prasad,S"]
[Result "1/2-1/2"]
[WhiteElo "2294"]
[BlackElo "2275"]
[EventDate "2003.06.22"]

1. e4 c5 2. Nf3 d6 3. d4 cxd4 4. Nxd4 Nf6 5. Nc3 a6 6. Be3 e6 7. f3 b5 8.
g4 Bb7 9. Qd2 Nfd7 10. O-O-O Nb6 11. a3 N8d7 12. Qf2 Rc8 13. Qe1 Ne5 14.
Kb1 Qc7 15. Bc1 Nec4 16. Bxc4 Nxc4 17. Rd3 Be7 18. f4 Bf6 19. Nde2 h6 20.
Rh3 Ke7 21. Rf1 Rhf8 22. Qg3 a5 23. e5 dxe5 24. g5 hxg5 25. fxg5 b4 26.
gxf6+ gxf6 27. Qh4 Bg2 28. Rxf6 Bxh3 29. Nd5+ exd5 30. Rc6+ f6 31. Rxc7+
Rxc7 32. Qxh3 Nd6 33. axb4 axb4 34. Bd2 Rc4 35. b3 Re4 36. Ng3 Rd4 37. Be3
Rd1+ 38. Kb2 Ra8 39. Bc5 Rda1 40. Bxb4 d4 41. Bxd6+ Kxd6 42. Ne4+ Kc7 43.
Qh7+ Kb6 44. b4 d3 45. Nc3 d2 46. Nd5+ Kc6 47. Qc7+ Kxd5 48. Qd7+ Kc4 49.
Qc6+ Kd4 50. Qc3+ Kd5 51. Qxd2+ Ke6 52. Qe2 R1a2+ 53. Kb3 R2a3+ 54. Kb2
Ra2+ 55. Kc1 Ra1+ 56. Kd2 Rd8+ 57. Kc3 Rd4 58. Qb5 f5 59. Qc6+ Rd6 60. Qc8+
Kf6 61. Qf8+ Ke6 62. Qg8+ Kf6 63. h4 e4 64. Kc4 Rh1 65. Qg5+ Ke6 66. b5 Rh3
67. b6 Rh1 68. Kc5 Rd5+ 69. Kc6 Rd6+ 70. Kc7 Rd7+ 71. Kc8 Rf7 72. c4 Rd1
73. Qg6+ Ke7 74. c5 Rf8+ 75. Kb7 Rd7+ 76. Ka6 Rf6 77. Qg7+ Ke6 78. Qg8+ Ke7
79. Kb5 Rd1 80. Qg7+ Ke6 81. Kc6 Ke5+ 82. Kc7 Rc1 83. Qg3+ Kd4 84. Qf2+ Kd3
85. b7 e3 86. Qf3 Rxc5+ 87. Kd7 Rb6 88. Qf1+ Ke4 89. Qh1+ Kd4 90. Qa1+ Ke4
91. Qh1+ 1/2-1/2

[Event "WJun"]
[Site "Nakhchivan AZE"]
[Date "2003.07.03"]
[Round "13"]
[White "Allemann,A"]
[Black "Gashimov,S"]
[Result "1/2-1/2"]
[WhiteElo "2254"]
[BlackElo "2317"]
[EventDate "2003.06.22"]

1. e4 d5 2. exd5 Qxd5 3. Nc3 Qa5 4. g3 Nf6 5. Bg2 Nc6 6. h3 e5 7. Nge2 h5
8. d3 Be6 9. Bd2 O-O-O 10. a3 Nd4 11. Nxd4 exd4 12. Nd5 Qa4 13. Nxf6 gxf6
14. Qf3 Qa6 15. Qxf6 Bd6 16. O-O h4 17. Bf4 hxg3 18. fxg3 Bxf4 19. Qxf4
Rdg8 20. Rae1 Kb8 21. Qe5 Qb6 22. b4 a6 23. g4 Ka7 24. Rf4 Rd8 1/2-1/2

[Event "WJun"]
[Site "Nakhchivan AZE"]
[Date "2003.07.03"]
[Round "13"]
[White "Agayev,N"]
[Black "Yilmaz,M"]
[Result "1/2-1/2"]
[WhiteElo "2116"]
[BlackElo "1941"]
[EventDate "2003.06.22"]

1. Nf3 d5 2. c4 c6 3. cxd5 cxd5 4. d4 Nc6 5. Nc3 Bf5 6. Qb3 e6 7. Qxb7 Rc8
8. e3 Bd6 9. Bb5 Nge7 10. a3 O-O 11. Qa6 Bb8 12. Bd3 Bg4 13. Be2 Na5 14.
O-O Nc4 15. Qa4 Nf5 16. Qd1 Bh5 17. g3 Bg6 18. Kg2 1/2-1/2

[Event "WJun"]
[Site "Nakhchivan AZE"]
[Date "2003.07.03"]
[Round "13"]
[White "Osttveit,M"]
[Black "Gupta,A"]
[Result "0-1"]
[WhiteElo "2084"]
[BlackElo "2335"]
[EventDate "2003.06.22"]

1. c4 e5 2. Nc3 Nf6 3. g3 Bb4 4. Bg2 Bxc3 5. bxc3 O-O 6. e4 d6 7. d3 Nc6 8.
Nf3 Bd7 9. O-O Qc8 10. Bg5 Ne8 11. Be3 Bh3 12. c5 Bxg2 13. Kxg2 Kh8 14. h3
f5 15. exf5 Qxf5 16. cxd6 Nxd6 17. Nh4 Qe6 18. Kh2 Rad8 19. Qe2 Nf5 20.
Nxf5 Rxf5 21. Rab1 b6 22. Rbd1 Rdf8 23. Qd2 Rh5 24. h4 Rxh4+ 25. gxh4 Rf3
0-1